00187nam a2200073Ia 4500008004100000082000800041100002200049245004200071240331s9999 xx 000 0 und d bSAH aSahabdeen, M.A.M. 4aThe Sufi doctrine in Tamil literature